Gaming Quiz

Random Gaming or Console Quiz

Nintendo 64 Games by Locations Quiz Stats

 Plays Quiz not verified by Sporcle

Score 0/22 Timer 07:00
0 Plays Today
Locations Game % Correct
Bob-omb Battlefield, Hazy Maze Cave, Lethal Lava LandSuper Mario 64
93.6%
Clock Town, Snowhead, Stone Tower TempleThe Legend of Zelda: Majora's Mask
74.8%
Kokiri Forest, Zora's Domain, Gerudo FortressThe Legend of Zelda: Ocarina of Time
73.8%
Moo Moo Farm, Frappe Snowland, Banshee BoardwalkMario Kart 64
73.1%
Treasure Trove Cove, Bubblegloop Swamp, Click Clock WoodBanjo-Kazooie
65.2%
Goomba Village, Mt. Lavalava, Star HavenPaper Mario
57.5%
Severnaya, St. Petersburg, CubaGoldenEye 007
57.2%
Dream Land, Planet Zebes, Saffron CitySuper Smash Bros.
56.8%
Fortuna, Katina, VenomStar Fox 64
55.3%
Gloomy Galleon, Fungi Forest, Crystal CavesDonkey Kong 64
45.6%
Aqua Star, Neo Star, Ripple StarKirby 64: The Crystal Shards
39.7%
Locations Game % Correct
Fossil Canyon, Everfrost Peak, Spaceport AlphaDiddy Kong Racing
34%
G5 Building, Area 51, Skedar RuinsPerfect Dark
32.4%
Sand Ocean, Devil's Forest, Port TownF-Zero X
25.7%
Corellia, Kessel, SullustStar Wars: Rogue Squadron
17.1%
Sunny Beach, Drake Lake, Twilight CityWave Race 64
16.1%
Goldwood, Ichor, Rith EssaJet Force Gemini
11.4%
Green Garden, White Glacier, Black FortressBomberman 64
10.9%
The Woods of Light, The Tomb of the Ancients, The Prison ShipRayman 2: The Great Escape
8.5%
Oedo Town, Ghost Toys Castle, Festival VillageMystical Ninja Starring Goemon
8.4%
Port of Adia, River of Souls, Lair of the Blind OnesTurok 2: Seeds of Evil
7.7%
Argent Towers, Ironstone Mine, Oyster HarborBlast Corps
5.5%

You're not logged in!

Compare scores with friends on all Sporcle quizzes.
OR
Log In

Sporcle TV

Today on Sporcle TV


Watch our educational content, quiz creation guides, and fun videos on Sporcle TV.

Show Comments

Extras

Top Quizzes Today


Score Distribution

Your Account Isn't Verified!

In order to create a playlist on Sporcle, you need to verify the email address you used during registration. Go to your Sporcle Settings to finish the process.

Report this User

Report this user for behavior that violates our Community Guidelines.

Details: